[Event "St Louis Winter A 2019"]
[Site "Saint Louis USA"]
[Date "2019.11.11"]
[Round "2"]
[White "Sethuraman, S.P."]
[Black "Jumabayev, Rinat"]
[Result "0-1"]
[WhiteElo "2634"]
[BlackElo "2641"]
[PlyCount "100"]
[EventDate "2019.11.10"]

1. e4 e5 2. Nf3 Nc6 3. Bc4 Bc5 4. c3 Nf6 5. d3 d6 6. O-O a6 7. a4 Ba7 8. Re1
O-O 9. h3 Be6 10. Bxe6 fxe6 11. b4 Nh5 12. Be3 Nf4 13. b5 Ne7 14. Kh2 Neg6 15.
bxa6 bxa6 16. d4 Nh4 17. Nxh4 Qxh4 18. Nd2 Nd3 19. Qb3 Nxe1 20. Qxe6+ Kh8 21.
Rxe1 exd4 22. cxd4 Bxd4 23. Nf3 Rxf3 24. Bxd4 Rff8 25. Qd7 Qf4+ 26. Kg1 Qf7 27.
Qc6 Rab8 28. Rc1 Rb4 29. Be3 Re8 30. a5 Rbxe4 31. Qxc7 Qe6 32. Qb6 d5 33. Qxe6
R8xe6 34. Kh2 Rc4 35. Rb1 Kg8 36. Rb8+ Kf7 37. Rd8 Rce4 38. Bb6 R4e5 39. g4 Re8
40. Rd7+ R8e7 41. Rd6 Rb7 42. Rd8 Ke7 43. Rh8 Re4 44. Rxh7 Kf7 45. Kg3 d4 46.
Kf3 d3 47. Be3 Rbe7 48. Bd2 Re2 49. Bc3 Kg8 50. Rh5 Rd7 0-1

[Event "St Louis Winter A 2019"]
[Site "Saint Louis USA"]
[Date "2019.11.11"]
[Round "2"]
[White "Erdos, Viktor"]
[Black "Sarana, Alexey"]
[Result "1/2-1/2"]
[WhiteElo "2613"]
[BlackElo "2664"]
[PlyCount "104"]
[EventDate "2019.11.10"]

1. Nf3 Nf6 2. c4 e6 3. Nc3 d5 4. d4 dxc4 5. Qa4+ c6 6. Qxc4 b5 7. Qd3 a6 8. Bg5
Bb7 9. e4 h6 10. Bxf6 Qxf6 11. e5 Qd8 12. Qe4 Qb6 13. O-O-O Nd7 14. Kb1 Bb4 15.
Rc1 c5 16. Qg4 cxd4 17. Ne4 Bxe4+ 18. Qxe4 Rd8 19. Bd3 Nc5 20. Qe2 O-O 21. g4
Nxd3 22. Qxd3 Be7 23. h4 Rc8 24. Rcd1 Qc7 25. Ng5 Bxg5 26. hxg5 Qxe5 27. gxh6
g5 28. Qxd4 Qxd4 29. Rxd4 Rfd8 30. Rhd1 Rxd4 31. Rxd4 Rc7 32. f4 Rc5 33. b4 Rc8
34. fxg5 Kh7 35. Rf4 Kg6 36. Rf6+ Kxg5 37. Rxf7 Kxh6 38. Rf6+ Kg5 39. Rxe6 Ra8
40. Re4 Rf8 41. Rd4 Rf1+ 42. Kc2 Rf2+ 43. Rd2 Rf4 44. a3 Rxg4 45. Rd6 Rg2+ 46.
Kc1 Rg1+ 47. Kc2 Rg2+ 48. Kd1 Kf4 49. Rxa6 Ke4 50. Rc6 Ra2 51. Rc3 Kd4 52. Rh3
Kc4 1/2-1/2

[Event "St Louis Winter A 2019"]
[Site "Saint Louis USA"]
[Date "2019.11.11"]
[Round "2"]
[White "Akobian, Varuzhan"]
[Black "Naroditsky, Daniel"]
[Result "0-1"]
[WhiteElo "2627"]
[BlackElo "2613"]
[PlyCount "150"]
[EventDate "2019.11.10"]

1. d4 Nf6 2. c4 g6 3. Nc3 Bg7 4. e4 d6 5. h3 O-O 6. Be3 Na6 7. Nf3 e5 8. dxe5
dxe5 9. Qxd8 Rxd8 10. a3 c6 11. Be2 Nh5 12. g3 Nc7 13. Kf1 Ne6 14. Kg2 Nd4 15.
Rhd1 Be6 16. Ng5 Bd7 17. Rac1 h6 18. Nf3 Be6 19. Bxd4 exd4 20. Na4 b6 21. b4 c5
22. bxc5 Bd7 23. Nb2 bxc5 24. Nd3 Bf8 25. Nd2 Ng7 26. f4 Rab8 27. Bf3 Rb6 28.
g4 Ra6 29. Ra1 Ba4 30. Rdc1 Rb8 31. e5 Be7 32. Bd5 Bd7 33. Ne4 Ra5 34. Rcb1 Rb6
35. Kf3 Kf8 36. Ke2 h5 37. Kf3 Rxb1 38. Rxb1 Rxa3 39. Rb8+ Ne8 40. Ke2 hxg4 41.
Ndxc5 Ra2+ 42. Kd1 Bxc5 43. Nxc5 Bf5 44. hxg4 Bxg4+ 45. Ke1 Bf5 46. Ne4 Ke7 47.
Rb7+ Kd8 48. Rb8+ Ke7 49. Rb7+ Kd8 50. c5 Rc2 51. Rb8+ Ke7 52. Rb7+ Kd8 53. c6
d3 54. Ng5 Bg4 55. Ne4 Re2+ 56. Kf1 Bh3+ 57. Kg1 d2 58. Nxd2 Rxd2 59. Bxf7 Nc7
60. Rxa7 Rc2 61. Ra3 Bf5 62. Rg3 Rxc6 63. Kf2 Ke7 64. Bb3 Ne6 65. Bxe6 Rc2+ 66.
Ke3 Kxe6 67. Rg1 Rc3+ 68. Ke2 Kd5 69. Ra1 Rd3 70. Ra6 Ke4 71. e6 Re3+ 72. Kf2
Kxf4 73. Ra4+ Re4 74. e7 Bd7 75. Ra6 Kf5 0-1

[Event "St Louis Winter A 2019"]
[Site "Saint Louis USA"]
[Date "2019.11.11"]
[Round "2"]
[White "Oparin, Grigoriy"]
[Black "Gabuzyan, Hovhannes"]
[Result "1-0"]
[WhiteElo "2657"]
[BlackElo "2616"]
[PlyCount "83"]
[EventDate "2019.11.10"]

1. d4 Nf6 2. Nf3 g6 3. c4 Bg7 4. g3 O-O 5. Bg2 d6 6. O-O Ne4 7. Qc2 f5 8. Nbd2
Nxd2 9. Bxd2 e5 10. dxe5 dxe5 11. Bb4 Re8 12. Rad1 Qf6 13. Bc3 Qe7 14. e4 f4
15. gxf4 exf4 16. e5 Nc6 17. Rfe1 Be6 18. h4 Rf8 19. Ng5 Bg4 20. Bd5+ Kh8 21.
f3 Bf5 22. Qb3 h6 23. Qxb7 Rab8 24. Qxc6 Rb6 25. Qa4 hxg5 26. Qa3 Qxa3 27. bxa3
gxh4 28. Ba5 Ra6 29. Bxc7 Re8 30. Bd6 Bf8 31. Bxf8 Rxf8 32. e6 Re8 33. e7 Kg7
34. c5 Kf6 35. Bc4 Rxa3 36. Rd6+ Kg5 37. Bf7 Rxe7 38. Rxe7 Rc3 39. Bxg6 Rc1+
40. Kf2 Bxg6 41. Rg7 Rc2+ 42. Kg1 1-0

[Event "St Louis Winter A 2019"]
[Site "Saint Louis USA"]
[Date "2019.11.11"]
[Round "2"]
[White "Xiong, Jeffery"]
[Black "Sevian, Samuel"]
[Result "1/2-1/2"]
[WhiteElo "2712"]
[BlackElo "2657"]
[PlyCount "48"]
[EventDate "2019.11.10"]

1. e4 e5 2. Nf3 Nc6 3. d4 exd4 4. Nxd4 Nf6 5. Nxc6 bxc6 6. e5 Qe7 7. Qe2 Nd5 8.
c4 Ba6 9. b3 g6 10. Ba3 Nb4 11. Bb2 Bg7 12. a3 Nd5 13. Nd2 O-O 14. O-O-O Rfe8
15. Qf3 Nb6 16. Ne4 Bxe5 17. Bxe5 Qxe5 18. Nf6+ Kf8 19. Nxe8 Qa1+ 20. Kc2 Qa2+
21. Kc1 Qa1+ 22. Kc2 Qa2+ 23. Kc1 Qa1+ 24. Kc2 Qa2+ 1/2-1/2

[Event "3rd GP Series, Knockout 2019"]
[Site "Hamburg GER"]
[Date "2019.11.12"]
[Round "6"]
[White "Grischuk, Alexander"]
[Black "Vachier-Lagrave, Maxime"]
[Result "1-0"]
[WhiteElo "2764"]
[BlackElo "2777"]
[PlyCount "125"]
[EventDate "2019.11.05"]

1. Nf3 Nf6 2. c4 c5 3. Nc3 d5 4. cxd5 Nxd5 5. e3 e6 6. Bc4 Be7 7. O-O O-O 8.
Qe2 Nc6 9. Rd1 b6 10. d4 Nxc3 11. bxc3 Qc7 12. e4 Rd8 13. Be3 Na5 14. Bd3 Bb7
15. h4 b5 16. Bxb5 Bxe4 17. dxc5 Bxf3 18. Qxf3 Bxc5 19. Bf4 Qb7 20. Qe2 Qe7 21.
h5 Bd6 22. Bxd6 Rxd6 23. Rxd6 Qxd6 24. Rd1 Qc5 25. Rd7 Qxc3 26. Qd1 h6 27. g3
Rf8 28. Rxa7 Nc6 29. Rd7 Ne5 30. Rd8 Qc7 31. Rxf8+ Kxf8 32. a4 Ke7 33. Be2 Qc3
34. Qb1 Nc6 35. Qb7+ Kf6 36. Bf1 Na5 37. Qd7 g5 38. hxg6 Kxg6 39. Kg2 Kg7 40.
Bb5 Qe5 41. Qd3 Qc5 42. Qf3 Qd4 43. Be8 Qd5 44. Qxd5 exd5 45. Kf3 Kf6 46. Kg4
Ke7 47. Bb5 Kf6 48. Kh5 Kg7 49. Bf1 Nb3 50. Bg2 d4 51. Bf1 Nd2 52. Bd3 Nb3 53.
Bf1 Nd2 54. Bd3 Nb3 55. Bb5 f6 56. Bf1 Na5 57. Ba6 Nb3 58. Bb5 Na5 59. Kg4 Nb7
60. Kf4 Nc5 61. a5 d3 62. Ke3 d2 63. Be2 1-0

[Event "3rd GP Series, Knockout 2019"]
[Site "Hamburg GER"]
[Date "2019.11.12"]
[Round "6"]
[White "Dubov, Daniil"]
[Black "Duda, Jan-Krzysztof"]
[Result "1/2-1/2"]
[WhiteElo "2676"]
[BlackElo "2748"]
[PlyCount "65"]
[EventDate "2019.11.05"]

1. d4 d5 2. c4 c6 3. Nf3 Nf6 4. Qb3 dxc4 5. Qxc4 Bf5 6. g3 e6 7. Bg2 Be7 8. O-O
O-O 9. Qb3 Qb6 10. Nbd2 Nbd7 11. Nc4 Qxb3 12. axb3 Be4 13. Bf4 c5 14. Rfc1 Rfc8
15. Nd6 Bxd6 16. Bxd6 cxd4 17. Nxd4 Bxg2 18. Kxg2 a6 19. f3 Ne8 20. Bb4 g6 21.
e4 e5 22. Ne2 Rxc1 23. Rxc1 f6 24. Rd1 Nf8 25. f4 exf4 26. Nxf4 Rc8 27. Kh3 g5
28. Nh5 Ne6 29. Rf1 Nc5 30. Nxf6+ Nxf6 31. Rxf6 Nxe4 32. Re6 Nf2+ 33. Kg2
1/2-1/2

[Event "European Club Cup 2019"]
[Site "Budva MNE"]
[Date "2019.11.12"]
[Round "3"]
[White "Howell, David W L"]
[Black "Harikrishna, Pentala"]
[Result "1/2-1/2"]
[WhiteElo "2701"]
[BlackElo "2731"]
[PlyCount "471"]
[EventDate "2019.11.10"]

1. e4 c5 2. Nf3 d6 3. Bb5+ Nc6 4. O-O Bd7 5. Re1 a6 6. Bxc6 Bxc6 7. d4 cxd4 8.
Nxd4 Nf6 9. Nxc6 bxc6 10. c4 e6 11. Nc3 Be7 12. b3 Nd7 13. Be3 c5 14. Bf4 Qc7
15. Qd2 Rd8 16. Rad1 Ne5 17. Bxe5 dxe5 18. Qc2 O-O 19. Rxd8 Rxd8 20. Rd1 Rd4
21. Ne2 Rxd1+ 22. Qxd1 Qa5 23. a4 Qb4 24. g3 g6 25. Kg2 Kf8 26. Qd3 Qb7 27. Ng1
f5 28. f3 Ke8 29. Nh3 Qd7 30. Qxd7+ Kxd7 31. Nf2 Bd6 32. Nd3 Kc6 33. Kh3 a5 34.
Kg2 Kd7 35. Kf2 Kc6 36. Ke2 Bc7 37. Nf2 Bd8 38. Nd1 Bg5 39. Nc3 Bc1 40. Nd1 Kd6
41. Kf1 Bd2 42. Ke2 Bc1 43. Kf1 Bd2 44. Kg2 Ke7 45. Kh3 Kd6 46. Nf2 Be3 47. Nd3
Bg5 48. Kg2 Be3 49. Kh3 Bg5 50. Kg2 Be3 51. g4 Bg5 52. Kg3 f4+ 53. Kf2 Bd8 54.
Kg2 g5 55. Kh1 Bc7 56. Kg1 Kc6 57. Kf1 Bd6 58. Ke1 Bc7 59. Kd1 Bd6 60. Kc1 Bc7
61. Kb1 Bd6 62. Ka1 Bc7 63. Ka2 Bd6 64. Kb2 Bc7 65. Kc2 Bd6 66. Kd2 Bc7 67. Ke2
Bd6 68. Kf2 Bc7 69. Kg2 Bd6 70. Nf2 Be7 71. Nh1 Bd6 72. Kh3 Be7 73. Nf2 Bd6 74.
Nd1 Be7 75. Nc3 Bd6 76. Nb5 Be7 77. Na7+ Kb7 78. Nb5 Kc6 79. Kg2 Bf8 80. Na3
Bd6 81. Nc2 Bc7 82. Na1 Bd6 83. Kh1 Bc7 84. Kg2 Bd6 85. Kf1 Bc7 86. Ke2 Bd6 87.
Kd1 Bc7 88. Kc2 Bd8 89. Kc1 Bc7 90. Nc2 Bd6 91. Kb2 Be7 92. Ne1 Bd6 93. Ka3 Be7
94. Ka2 Bd6 95. Nd3 Bc7 96. Nf2 Bd6 97. Ka1 Be7 98. Kb2 Bd6 99. Kb1 Be7 100.
Kc2 Bd6 101. Kd3 Be7 102. Ke2 Bd6 103. Kf1 Be7 104. h3 Bd6 105. Kg2 Be7 106.
Nd3 Bd6 107. Kf2 Bc7 108. Ke2 Bd6 109. Kd2 Bc7 110. Kc2 Bd6 111. Kb2 Bc7 112.
Ka2 Bd6 113. Ka1 Bc7 114. Kb1 Bd6 115. Kc1 Bc7 116. Kd1 Bd6 117. Ke1 Bc7 118.
Kf1 Bd6 119. Kg1 Bc7 120. Kh1 Bd6 121. Nc1 Bc7 122. Na2 Bd6 123. Nc3 Be7 124.
Nb5 Bf8 125. Na7+ Kb7 126. Nb5 Kc6 127. Kg1 Be7 128. Kf1 Bf8 129. Ke1 Be7 130.
Kd1 Bf8 131. Kc1 Be7 132. Na3 Bd6 133. Nc2 Be7 134. Kd2 Bd6 135. Ke2 Be7 136.
Kf2 Bd6 137. Kg2 Be7 138. Kh2 Bd6 139. Na1 Be7 140. Nc2 Bd6 141. Ne1 Be7 142.
Nd3 Bd6 143. Nb2 Be7 144. Kh1 Bd6 145. Kg2 Be7 146. Nd1 Bd6 147. Nf2 Be7 148.
Kg1 Bd6 149. Kh1 Be7 150. Kg2 Bd6 151. Kh2 Be7 152. Nd3 Bd6 153. h4 h6 154. Kh3
Bc7 155. Kg2 Bd6 156. Kf1 Bc7 157. Kg2 Bd6 158. Ne1 Be7 159. Kh3 Bd6 160. Kh2
Be7 161. Ng2 Bd8 162. Kh3 Be7 163. Kh2 Bd8 164. Kh3 Be7 165. h5 Bd8 166. Kh2
Be7 167. Kh1 Bd8 168. Kg1 Be7 169. Kf1 Bd8 170. Ke1 Be7 171. Kd1 Bd6 172. Kc1
Be7 173. Kb1 Bd6 174. Ka1 Be7 175. Ne1 Bd6 176. Nd3 Bc7 177. Nf2 Bd6 178. Nh3
Be7 179. Ka2 Kd6 180. Kb2 Kc6 181. Kc2 Kd6 182. Kd2 Kc6 183. Ke2 Kd6 184. Kf2
Kc6 185. Kg2 Kd6 186. Kh2 Kc6 187. Nf2 Bd6 188. Nd3 Bc7 189. Kh3 Bd6 190. Kg2
Bc7 191. Kf1 Bd6 192. Ke2 Bc7 193. Kd1 Bd6 194. Kc2 Bc7 195. Kb1 Bd6 196. Ka2
Bc7 197. Kb2 Bd6 198. Kc1 Bc7 199. Kc2 Bd6 200. b4 cxb4 201. Kb3 Bc7 202. c5
Bb8 203. Kc4 Bc7 204. Nc1 Bd8 205. Nb3 Bc7 206. Kd3 Bd8 207. Ke2 Bc7 208. Kf1
Bd8 209. Kg2 Bc7 210. Kh1 Bd8 211. Kh2 Bc7 212. Kg1 Bd8 213. Kf2 Bc7 214. Ke1
Bd8 215. Kd2 Bc7 216. Kc1 Bd8 217. Kb2 Bc7 218. Ka1 Bd8 219. Ka2 Bc7 220. Kb1
Bd8 221. Kc2 Bc7 222. Kd1 Bd8 223. Ke2 Bc7 224. Kd3 Bd8 225. Kc4 Bc7 226. Nc1
Bd8 227. Nd3 Bc7 228. Kb3 Bb8 229. Ka2 Bc7 230. Ka1 Bb8 231. Ka2 Bc7 232. Kb1
Bb8 233. Kc2 Bc7 234. Kb2 Bb8 235. Kc1 Bc7 236. Kd1 1/2-1/2

[Event "European Club Cup 2019"]
[Site "Budva MNE"]
[Date "2019.11.12"]
[Round "3"]
[White "Vidit, Santosh Gujrathi"]
[Black "Grandelius, Nils"]
[Result "1/2-1/2"]
[WhiteElo "2722"]
[BlackElo "2681"]
[PlyCount "103"]
[EventDate "2019.11.10"]

1. Nf3 c5 2. c4 Nc6 3. Nc3 e5 4. e3 Nf6 5. d4 e4 6. d5 exf3 7. dxc6 bxc6 8. e4
Qc7 9. Qxf3 Bd6 10. Bd3 Be5 11. h3 O-O 12. Bd2 d5 13. cxd5 cxd5 14. exd5 c4 15.
Bc2 Rb8 16. Rb1 Bb7 17. O-O Rfe8 18. Rfd1 Qd6 19. Ba4 Rec8 20. Be3 Bxc3 21.
bxc3 Bxd5 22. Rxb8 Rxb8 23. Bf4 Bxf3 24. Rxd6 Be2 25. Rd2 Rb1+ 26. Kh2 Bd3 27.
Bc2 Rb2 28. Bxd3 Rxd2 29. Bxh7+ Kxh7 30. Bxd2 Ne4 31. Be1 a5 32. g4 Kg6 33. Kg2
f5 34. Kf3 Ng5+ 35. Kg3 Kf6 36. f3 Ne6 37. Bd2 g6 38. h4 a4 39. h5 gxh5 40.
gxh5 Kg7 41. Kh4 Kh7 42. Bg5 Kg7 43. Be7 Kh6 44. Ba3 Kg7 45. Bc1 Kh7 46. Kg3
Kg7 47. Kh4 Kh7 48. h6 Kg6 49. Bd2 Nf8 50. Bc1 Ne6 51. Bd2 Nf8 52. Bc1 1/2-1/2

[Event "European Club Cup 2019"]
[Site "Budva MNE"]
[Date "2019.11.12"]
[Round "3"]
[White "Bosiocic, Marin"]
[Black "Navara, David"]
[Result "1/2-1/2"]
[WhiteElo "2598"]
[BlackElo "2703"]
[PlyCount "87"]
[EventDate "2019.11.10"]

1. d4 Nf6 2. Nf3 e6 3. g3 c5 4. Bg2 cxd4 5. O-O d5 6. Nxd4 e5 7. Nf3 Nc6 8. c4
d4 9. e3 Be7 10. exd4 exd4 11. Bf4 O-O 12. Ne5 Qb6 13. Qb3 Na5 14. Qxb6 axb6
15. Nd2 Nh5 16. Rfe1 Nxf4 17. gxf4 Bb4 18. Rad1 Be6 19. a3 Bxd2 20. Rxd2 Rad8
21. b4 Nxc4 22. Nxc4 Bxc4 23. Bxb7 b5 24. Re5 Rd6 25. f5 f6 26. Rc5 Re8 27. f3
Re3 28. Kf2 Rxa3 29. Rc8+ Kf7 30. Rc7+ Kf8 31. Rc8+ Ke7 32. Rc7+ Kd8 33. Rxg7
Ra2 34. Rxa2 Bxa2 35. Ke1 Bb1 36. Kd2 Bxf5 37. Be4 Bxe4 38. fxe4 Rd7 39. Rg8+
Ke7 40. Rb8 d3 41. Rxb5 Rd4 42. Rb7+ Kd6 43. Rxh7 Rxe4 44. Kxd3 1/2-1/2

[Event "European Club Cup 2019"]
[Site "Budva MNE"]
[Date "2019.11.12"]
[Round "3"]
[White "Rapport, Richard"]
[Black "Hammer, Jon Ludvig"]
[Result "1-0"]
[WhiteElo "2752"]
[BlackElo "2625"]
[PlyCount "105"]
[EventDate "2019.11.10"]

1. Nf3 d5 2. g3 g6 3. Bg2 Bg7 4. O-O e5 5. d3 Ne7 6. c4 c6 7. e4 dxe4 8. dxe4
Qxd1 9. Rxd1 Be6 10. b3 f6 11. Nc3 Kf7 12. Ne1 Na6 13. Nd3 Rhd8 14. Be3 Rd7 15.
Rd2 Rad8 16. Rad1 h5 17. h3 b6 18. f4 Bh6 19. Kf1 h4 20. gxh4 exf4 21. Nxf4
Rxd2 22. Rxd2 Rxd2 23. Bxd2 Bd7 24. Ke2 Bg7 25. Nd3 c5 26. Nd5 Nc6 27. Bc3 Nab8
28. Kf2 Bc8 29. Kg3 Nd4 30. Bxd4 cxd4 31. h5 gxh5 32. Bf3 f5 33. Bxh5+ Kf8 34.
Bg6 fxe4 35. Bxe4 Nd7 36. Kf4 Bh6+ 37. Kf3 Nc5 38. h4 Nxd3 39. Bxd3 Bb7 40. Ke4
Be3 41. Ke5 Bf2 42. h5 Kg7 43. Ne7 Kh6 44. Be4 Ba6 45. Bg6 b5 46. c5 d3 47. Kf4
Kg7 48. b4 Be1 49. a3 Bd2+ 50. Ke4 Bxb4 51. axb4 d2 52. Nf5+ Kh8 53. Ne3 1-0

[Event "European Club Cup 2019"]
[Site "Budva MNE"]
[Date "2019.11.12"]
[Round "3"]
[White "Vallejo Pons, Francisco"]
[Black "Papp, Gabor"]
[Result "1-0"]
[WhiteElo "2694"]
[BlackElo "2589"]
[PlyCount "127"]
[EventDate "2019.11.10"]

1. d4 Nf6 2. c4 e6 3. Nf3 d5 4. g3 Be7 5. Bg2 O-O 6. Qc2 c6 7. O-O Nbd7 8. Nbd2
b6 9. e4 Bb7 10. e5 Ne8 11. cxd5 cxd5 12. Re1 Rc8 13. Qa4 Nc7 14. Bf1 a5 15.
Bd3 Ba6 16. Bb1 Re8 17. Nf1 Nf8 18. Qd1 Qd7 19. h4 a4 20. a3 Bc4 21. Bc2 b5 22.
Ne3 Na8 23. Ng5 Bb3 24. Bxb3 axb3 25. Qxb3 Nb6 26. Nf3 Nc4 27. Bd2 Rc7 28. Bc3
Ra8 29. Nc2 Qc8 30. Re2 Nd7 31. Nb4 Ndb6 32. Be1 Na5 33. Qd1 Nc6 34. Nd3 Nc4
35. Rc1 Qb8 36. Rec2 Qa7 37. b3 Nxd4 38. Nxd4 Qxd4 39. bxc4 bxc4 40. Bb4 Bxb4
41. axb4 Ra3 42. Ne1 Rxg3+ 43. Kf1 Qxd1 44. Rxd1 Rb3 45. Ra2 g6 46. Nc2 Rb7 47.
Ke2 Kg7 48. Rda1 Rh3 49. Ra7 Rxa7 50. Rxa7 Rxh4 51. b5 d4 52. b6 d3+ 53. Kd2
dxc2 54. Kxc2 Rh3 55. Ra1 Rb3 56. Rb1 Rd3 57. b7 Rd8 58. b8=Q Rxb8 59. Rxb8 g5
60. Kc3 h5 61. Kxc4 h4 62. Kd4 h3 63. f3 h2 64. Rb1 1-0

[Event "European Club Cup 2019"]
[Site "Budva MNE"]
[Date "2019.11.12"]
[Round "3"]
[White "Dominguez Perez, Leinier"]
[Black "Mamedyarov, Shakhriyar"]
[Result "1/2-1/2"]
[WhiteElo "2762"]
[BlackElo "2772"]
[PlyCount "60"]
[EventDate "2019.11.10"]

1. e4 e5 2. Nf3 Nc6 3. Bc4 Bc5 4. c3 Nf6 5. d3 d6 6. O-O h6 7. Re1 O-O 8. h3 a6
9. a4 Ba7 10. Nbd2 Ne7 11. d4 Nc6 12. dxe5 Nxe5 13. Nxe5 dxe5 14. Qe2 Re8 15.
Rd1 Qd6 16. Nb3 Qc6 17. Bd3 Rd8 18. Na5 Qe8 19. Be3 Bxe3 20. Qxe3 b6 21. Nc4 a5
22. Qg3 Ba6 23. Nxe5 Bxd3 24. Rxd3 Nxe4 25. Qf4 Rxd3 26. Nxd3 Rd8 27. Re1 Rxd3
28. Rxe4 Qd7 29. Rc4 Rd6 30. Kh2 h5 1/2-1/2

[Event "European Club Cup 2019"]
[Site "Budva MNE"]
[Date "2019.11.12"]
[Round "3"]
[White "Andreikin, Dmitry"]
[Black "Matlakov, Maxim"]
[Result "1/2-1/2"]
[WhiteElo "2733"]
[BlackElo "2710"]
[PlyCount "62"]
[EventDate "2019.11.10"]

1. d4 Nf6 2. c4 e6 3. Nc3 Bb4 4. Nf3 c5 5. g3 Nc6 6. Bg2 Ne4 7. Bd2 Nxd2 8.
Qxd2 cxd4 9. Nxd4 O-O 10. O-O Ne5 11. b3 a6 12. Rfd1 Rb8 13. Nc2 Be7 14. Ne4
Qc7 15. Nd6 b5 16. cxb5 axb5 17. Rac1 Rb6 18. Nxc8 Rxc8 19. Nd4 Qb8 20. Rxc8+
Qxc8 21. Rc1 Qb8 22. a4 bxa4 23. bxa4 Rb1 24. Nb5 Bb4 25. Qc2 Rxc1+ 26. Qxc1 h6
27. Qf4 Bc5 28. h4 d6 29. Qe4 g5 30. hxg5 hxg5 31. Qb7 Qd8 1/2-1/2

[Event "European Club Cup 2019"]
[Site "Budva MNE"]
[Date "2019.11.12"]
[Round "3"]
[White "Alekseenko, Kirill"]
[Black "Shankland, Sam"]
[Result "1/2-1/2"]
[WhiteElo "2715"]
[BlackElo "2679"]
[PlyCount "87"]
[EventDate "2019.11.10"]

1. e4 c5 2. Nf3 d6 3. d4 cxd4 4. Nxd4 Nf6 5. Nc3 a6 6. g3 e5 7. Nde2 Be7 8. Bg2
h5 9. h3 b5 10. Nd5 Nbd7 11. Nec3 Nxd5 12. Nxd5 h4 13. a4 bxa4 14. Rxa4 Nb6 15.
Ra3 Nxd5 16. Qxd5 Be6 17. Qa5 Qb8 18. Qa4+ Bd7 19. Qb3 O-O 20. gxh4 Qxb3 21.
Rxb3 Bxh4 22. Rd3 Rfc8 23. c3 Be7 24. h4 a5 25. h5 Kh7 26. Rf3 f6 27. Rg3 a4
28. Rg1 Bf8 29. Kd2 Rc7 30. Bh3 Bxh3 31. Rxh3 Ra5 32. Kc2 d5 33. exd5 Rxd5 34.
Rh4 Ra5 35. Bd2 f5 36. f3 Be7 37. Rhh1 Rd5 38. Bg5 e4 39. fxe4 fxe4 40. Bf4 Bd6
41. Bxd6 Rxd6 42. Re1 Rc4 43. Rh4 Re6 44. b3 1/2-1/2

[Event "St Louis Winter A 2019"]
[Site "Saint Louis USA"]
[Date "2019.11.12"]
[Round "3"]
[White "Sevian, Samuel"]
[Black "Sethuraman, S."]
[Result "1-0"]
[WhiteElo "2657"]
[BlackElo "2634"]
[PlyCount "109"]
[EventDate "2019.11.10"]

1. c4 Nf6 2. Nc3 e5 3. Nf3 Nc6 4. g3 Bb4 5. Bg2 O-O 6. Nd5 e4 7. Nh4 d6 8. Nxb4
Nxb4 9. a3 Nc6 10. d3 exd3 11. Qxd3 Be6 12. b3 d5 13. c5 d4 14. Bxc6 bxc6 15.
Bb2 Qd5 16. O-O Rad8 17. b4 Rfe8 18. Rfd1 Qb3 19. Bxd4 Bc4 20. Qxb3 Bxb3 21.
Rd2 Ne4 22. Rb2 Rxd4 23. Rxb3 Nd2 24. Rd3 Rxd3 25. exd3 Nb3 26. Rb1 Nd4 27. Kg2
Rd8 28. Kf1 Nb5 29. a4 Nd4 30. Rc1 a5 31. bxa5 Nb3 32. Rc3 Nxa5 33. Nf3 f6 34.
Nd2 Kf7 35. Nb3 Ra8 36. Nxa5 Rxa5 37. Rc4 Ke6 38. Ke2 Kd5 39. Kd2 Ra8 40. Kc3
g5 41. g4 Re8 42. a5 Ra8 43. Kb4 Rb8+ 44. Ka3 Rb1 45. Ra4 Kxc5 46. a6 Rb8 47.
d4+ Kd5 48. a7 Ra8 49. Kb4 Kxd4 50. Ka5+ Kd3 51. Ka6 Ke2 52. Kb7 Rxa7+ 53. Kxa7
Kxf2 54. Kb7 Kg2 55. Kxc6 1-0

[Event "St Louis Winter A 2019"]
[Site "Saint Louis USA"]
[Date "2019.11.12"]
[Round "3"]
[White "Gabuzyan, H."]
[Black "Xiong, Jeffery"]
[Result "1/2-1/2"]
[WhiteElo "2616"]
[BlackElo "2712"]
[PlyCount "86"]
[EventDate "2019.11.10"]

1. e4 e5 2. Nf3 Nc6 3. d4 exd4 4. Nxd4 Bc5 5. Nb3 Bb6 6. Nc3 Nge7 7. Qe2 O-O 8.
Be3 f5 9. O-O-O f4 10. Bxb6 axb6 11. f3 d6 12. a3 Be6 13. Qd2 Bxb3 14. cxb3 Ne5
15. Kb1 Rf6 16. Bc4+ Kh8 17. Rhe1 c6 18. Bf1 b5 19. Ne2 Qf8 20. Nd4 Qf7 21. Qc3
Qg6 22. Nc2 Qh5 23. h3 Nf7 24. Rd4 Qh4 25. Red1 h6 26. a4 c5 27. R4d2 b4 28.
Qc4 Ra5 29. e5 Nxe5 30. Qe4 N7c6 31. Rxd6 Rxd6 32. Rxd6 Ra8 33. Re6 Qf2 34. Ba6
bxa6 35. Rxe5 Nxe5 36. Qxa8+ Kh7 37. Qe4+ Ng6 38. Ne1 c4 39. bxc4 b3 40. Kc1 h5
41. Qe6 Kh6 42. Qe4 Kh7 43. Qe6 Kh6 1/2-1/2

[Event "St Louis Winter A 2019"]
[Site "Saint Louis USA"]
[Date "2019.11.12"]
[Round "3"]
[White "Naroditsky, D."]
[Black "Oparin, G."]
[Result "1/2-1/2"]
[WhiteElo "2613"]
[BlackElo "2657"]
[PlyCount "61"]
[EventDate "2019.11.10"]

1. Nf3 Nf6 2. g3 d5 3. Bg2 c5 4. O-O g6 5. c3 Bg7 6. d4 cxd4 7. cxd4 O-O 8. Nc3
Ne4 9. Nxe4 dxe4 10. Ng5 Qxd4 11. Nxe4 Nc6 12. Nc3 Qc4 13. Be3 Be6 14. Bd5 Bxd5
15. Qxd5 Qb4 16. Qb3 Rfd8 17. Rfd1 Qxb3 18. axb3 f5 19. f3 Kf7 20. Kf2 b6 21.
Rxd8 Rxd8 22. Nb5 Rd7 23. Rc1 Nb4 24. Rc4 Nd5 25. Ra4 Nxe3 26. Kxe3 Bxb2 27.
Nxa7 Rd1 28. Nc6 Ke6 29. Ra2 Rb1 30. Kd3 Bf6 31. Kc4 1/2-1/2

[Event "St Louis Winter A 2019"]
[Site "Saint Louis USA"]
[Date "2019.11.12"]
[Round "3"]
[White "Sarana, A."]
[Black "Akobian, V."]
[Result "0-1"]
[WhiteElo "2664"]
[BlackElo "2627"]
[PlyCount "90"]
[EventDate "2019.11.10"]

1. Nf3 d5 2. g3 Nf6 3. Bg2 e6 4. c4 dxc4 5. Qa4+ Nbd7 6. Qxc4 a6 7. Qc2 c5 8.
O-O b5 9. b3 Bb7 10. Bb2 Be7 11. d3 O-O 12. Nbd2 Qb6 13. e4 Rfd8 14. Rac1 Rac8
15. Rfd1 Nb8 16. Ne5 Nfd7 17. Nxd7 Rxd7 18. Nf3 Nc6 19. a3 Nd4 20. Nxd4 cxd4
21. Qd2 Rdc7 22. Rxc7 Rxc7 23. Rc1 e5 24. f4 h6 25. Rxc7 Qxc7 26. Bh3 Bc8 27.
Bxc8 Qxc8 28. fxe5 Bg5 29. Qe2 Be3+ 30. Kf1 a5 31. a4 b4 32. Kg2 g6 33. Qd1 h5
34. Qe2 Qe6 35. Qd1 Kg7 36. h3 Kh7 37. Qc2 Kg7 38. Qd1 Qc8 39. Qe2 Kf8 40. Qd1
Ke7 41. Qe2 Ke6 42. Qf1 Qc2+ 43. Kh1 Kxe5 44. Ba1 Qxb3 45. h4 Qc2 0-1

[Event "St Louis Winter A 2019"]
[Site "Saint Louis USA"]
[Date "2019.11.12"]
[Round "3"]
[White "Jumabayev, R."]
[Black "Erdos, V."]
[Result "1/2-1/2"]
[WhiteElo "2641"]
[BlackElo "2613"]
[PlyCount "158"]
[EventDate "2019.11.10"]

1. Nf3 d5 2. d4 Bf5 3. c4 e6 4. Nc3 Nc6 5. Bf4 Bd6 6. Bg3 Nf6 7. e3 O-O 8. a3
Bxg3 9. hxg3 h6 10. Bd3 Bxd3 11. Qxd3 Re8 12. Rd1 Na5 13. Ne5 Nxc4 14. Nxc4
dxc4 15. Qxc4 Qe7 16. O-O c6 17. Rd2 e5 18. Rfd1 Rad8 19. Qa4 a6 20. Qa5 e4 21.
Qc5 Nd5 22. Qxe7 Rxe7 23. Rc2 f5 24. b4 Kf7 25. Rb1 Nb6 26. a4 Nc4 27. Rbc1 Nd6
28. d5 cxd5 29. Nxd5 Red7 30. Nb6 Re7 31. Rd2 Ke8 32. Rc5 g6 33. Nd5 Rf7 34.
Nf4 g5 35. Ne6 Rdd7 36. Rdd5 Rf6 37. Nd4 Rdf7 38. b5 axb5 39. axb5 Kd7 40. b6
Ke8 41. Kh2 Rd7 42. Nxf5 Nxf5 43. Rxf5 Rxb6 44. Rc8+ Ke7 45. Re5+ Kf7 46. g4
Rf6 47. Kg3 Re6 48. Rf8+ Kxf8 49. Rxe6 Kg7 50. Rxe4 b5 51. Kf3 Rb7 52. Rb4 Kf6
53. Ke4 Ke6 54. Kd4 Kd6 55. Kc3 Rc7+ 56. Kb3 Rf7 57. Rd4+ Kc6 58. f3 Re7 59. e4
Ra7 60. Rd1 Ra6 61. Rc1+ Kd6 62. Rd1+ Kc6 63. Rd8 Ra1 64. Rc8+ Kd6 65. Rh8 Rh1
66. Kb4 Rb1+ 67. Kc3 Rh1 68. Rf8 Rc1+ 69. Kd4 Rd1+ 70. Ke3 Rg1 71. Rf6+ Kc5 72.
Rxh6 b4 73. Rh8 b3 74. Rc8+ Kb4 75. Kf2 Rh1 76. Rb8+ Kc3 77. Rc8+ Kd3 78. Rb8
Kc3 79. Rc8+ Kd3 1/2-1/2

[Event "European Club Cup 2019"]
[Site "Budva MNE"]
[Date "2019.11.13"]
[Round "4"]
[White "Harikrishna, Pentala"]
[Black "Dominguez Perez, Leinier"]
[Result "1/2-1/2"]
[WhiteElo "2731"]
[BlackElo "2762"]
[PlyCount "74"]
[EventDate "2019.11.10"]
[WhiteTeam "AVE Novy Bor"]
[BlackTeam "Mednyi Vsadnik"]

1. d4 Nf6 2. c4 e6 3. Nf3 d5 4. g3 Be7 5. Bg2 O-O 6. O-O dxc4 7. Qc2 a6 8. a4
Bd7 9. Qxc4 Bc6 10. Bg5 Nbd7 11. Nc3 h6 12. Bxf6 Nxf6 13. Rfd1 a5 14. Ne5 Bxg2
15. Kxg2 c6 16. Qb3 Qc7 17. Rac1 Rfd8 18. e3 Bb4 19. Ne2 Qe7 20. Nf4 Bd6 21.
Nfd3 Bxe5 22. Nxe5 Qc7 23. Rc5 Nd7 24. Nxd7 Rxd7 25. Qc3 Rd5 26. e4 Rxc5 27.
dxc5 Rd8 28. Rd4 Kf8 29. Rd6 Rxd6 30. cxd6 Qxd6 31. Qxa5 Qd7 32. Qa8+ Ke7 33.
b4 Kf6 34. Qa7 Qd3 35. Qxb7 Qxe4+ 36. Kg1 Qe1+ 37. Kg2 Qe4+ 1/2-1/2